LIBRARY & INFORMATION CENTRE, KCAET, TAVANUR

ONLINE PUBLIC ACCESS CATALOGUE (OPAC)

Agricultural marketing in India abroad / (Record no. 9411)

MARC details
000 -LEADER
fixed length control field 00433cam a2200169ua 4500
003 - CONTROL NUMBER IDENTIFIER
control field OSt
008 - FIXED-LENGTH DATA ELEMENTS--GENERAL INFORMATION
fixed length control field 260221b |||||||| |||| 00| 0 eng d
041 ## - LANGUAGE CODE
Language code of text/sound track or separate title eng
082 ## - DEWEY DECIMAL CLASSIFICATION NUMBER
Classification number 630.33
Item number SRI/AG
100 ## - MAIN ENTRY--AUTHOR NAME
Personal name Srivastava, R S .
245 ## - TITLE STATEMENT
Title Agricultural marketing in India abroad /
250 ## - EDITION STATEMENT
Edition statement 1 /
260 ## - PUBLICATION, DISTRIBUTION, ETC. (IMPRINT)
Place of publication Bombay :
Name of publisher Vora and co.publishers pvt ltd ,
Year of publication 1960.
300 ## - PHYSICAL DESCRIPTION
Number of Pages 243 ; .
942 ## - ADDED ENTRY ELEMENTS (KOHA)
Koha item type Books
Holdings
Withdrawn status Lost status Damaged status Home library Current library Date acquired Full call number Accession Number Koha item type
      KAUAET KAUAET 07/04/2012 630.33 SRI/AG 8109 Books
free website counter